Geography Quiz

Random Geography or City Quiz

The Fewer Clues The Better - Geography Edition Quiz Stats

 Plays Quiz Updated Feb 13, 2019

Support Sporcle.
Go Orange.
Score 0/56 Timer 10:00
0 Plays Today
Clue Question/Answer % Correct
Question A???
100%
Clue A1???
98.6%
Question B???
86.4%
Clue B1???
84.6%
Answer A???
83.6%
Clue A5???
78%
Question C???
72.3%
Question D???
70.8%
Clue C1???
70.8%
Question E???
70.5%
Answer D???
69.8%
Clue D1???
69.2%
Clue E1???
69.2%
Question F???
68.7%
Answer C???
68.5%
Question G???
67.9%
Clue A4???
67.8%
Clue F1???
67.1%
Clue G1???
66.4%
Clue D5???
66.3%
Question H???
65.9%
Answer F???
65.5%
Clue C5???
64.5%
Clue H1???
64.3%
Answer H???
63.8%
Answer E???
63.1%
Answer B???
62.8%
Answer G???
59.2%
Clue Question/Answer % Correct
Clue A3???
58.9%
Clue E5???
54.8%
Clue F4???
53.2%
Clue D4???
53.1%
Clue F5???
52.2%
Clue A2???
51.1%
Clue C4???
51.1%
Clue H5???
51.1%
Clue G5???
50.7%
Clue E4???
47.7%
Clue C3???
45.5%
Clue E3???
43.5%
Clue G4???
42.1%
Clue B5???
37.4%
Clue G3???
35.6%
Clue H4???
32.9%
Clue G2???
29.8%
Clue H3???
29.1%
Clue C2???
28.9%
Clue E2???
27.9%
Clue F3???
24.9%
Clue B4???
24.6%
Clue D3???
16.7%
Clue H2???
16.5%
Clue B3???
11.8%
Clue F2???
10.7%
Clue D2???
10.3%
Clue B2???
9%

You're not logged in!

Compare scores with friends on all Sporcle quizzes.
OR
Log In
Forgot?

From the Vault

Match 'Em Up Pairs II

by MatteSE

We always thought these strange symbols would make an awesome couple.
Remove Ads.
Support Sporcle.
Get the best of Sporcle when you Go Orange. This ad-free experience offers more features, more stats, and more fun while also helping to support Sporcle. Thank you for becoming a member.

Show Comments

Extras

Top Quizzes Today


Score Distribution

Your Account Isn't Verified!

In order to create a playlist on Sporcle, you need to verify the email address you used during registration. Go to your Sporcle Settings to finish the process.

Report this User

Report this user for behavior that violates our Community Guidelines.

Details: